Multicoloured mayhem (Record no. 48067)
[ view plain ]
| 000 -LEADER | |
|---|---|
| fixed length control field | 01491nam a2200361Ia 4500 |
| 082 04 - DEWEY DECIMAL CLASSIFICATION NUMBER | |
| Classification number | 649/.154 |
| 100 1# - MAIN ENTRY--AUTHOR NAME | |
| Personal name | Jackson, Jacqui. |
| 245 10 - TITLE STATEMENT | |
| Title | Multicoloured mayhem |
| 260 ## - PUBLICATION, DISTRIBUTION, ETC. (IMPRINT) | |
| Place of publication | New York ; |
| -- | London : |
| Name of publisher | Jessica Kingsley Publishers, |
| Year of publication | 2004. |
| 300 ## - PHYSICAL DESCRIPTION | |
| Number of Pages | 256 p. |
| 650 #0 - SUBJECT ADDED ENTRY--TOPICAL TERM | |
| Topical Term | Asperger's syndrome |
| Topical Term | Attention-deficit-disordered children |
| Topical Term | Autistic children |
| Topical Term | Autistic children |
| Topical Term | Developmentally disabled children |
| Topical Term | Parenting. |
| Topical Term | Parents of autistic children. |
| 856 40 - ELECTRONIC LOCATION AND ACCESS | |
| Uniform Resource Identifier | http://site.ebrary.com/lib/rucke/Doc?id=10064408 |
No items available.
